| 000 | 00728nam a22001337a 4500 | ||
|---|---|---|---|
| 040 | _crua | ||
| 082 | _aVEM NHE 2021 B1-602 Or. | ||
| 100 | _aNHEM CHEN,ញ៉ែម ចិន | ||
| 245 | _aGASTROINTESTINAL PARASITES IN DOMESTIC CHICKEN AT AMPIL TEUK COMMUNE,KAMPONG TRALACH DISTRICT,KAMPONG CHHNANG PROVINCE,បរាសិតក្នុងប្រដាប់រំលាយអាហារមាន់នៅឃុំអំពិលទឹក ស្រុកកំពង់ត្រឡាច ខេត្តកំពង់ឆ្នាំង | ||
| 260 |
_aphnom penh _brua _c2021 |
||
| 300 |
_aix.40p. _bill. _c29cm. |
||
| 856 | _uhttps://drive.google.com/file/d/1PFCWl95d8AUAVhsQgUKgUOaJczDzYYTK/view?usp=sharing | ||
| 942 | _cVEM | ||
| 999 |
_c21673 _d21673 |
||